كيف نتحرر من الجلطة القلبية و كيف نتجنبها / (رقم التسجيلة. 15069)
[ عرض عادي ]
| 000 -LEADER | |
|---|---|
| fixed length control field | 00497nam a22001697a 4500 |
| 005 - DATE AND TIME OF LATEST TRANSACTION | |
| control field | 20251108164821.0 |
| 008 - FIXED-LENGTH DATA ELEMENTS--GENERAL INFORMATION | |
| fixed length control field | 250721s9999 xx 000 0 ara d |
| 082 14 - DEWEY DECIMAL CLASSIFICATION NUMBER | |
| Classification number | 616.12/كرر |
| 100 1# - MAIN ENTRY--PERSONAL NAME | |
| Personal name | كرر، نورمان |
| 245 10 - TITLE STATEMENT | |
| Title | كيف نتحرر من الجلطة القلبية و كيف نتجنبها / |
| 264 1# - PRODUCTION, PUBLICATION, DISTRIBUTION, MANUFACTURE, AND COPYRIGHT NOTICE | |
| Place of production, publication, distribution, manufacture | لندن : |
| Date of production, publication, distribution, manufacture, or copyright notice | [19-]. |
| 300 ## - PHYSICAL DESCRIPTION | |
| Extent | 124ص |
| 650 17 - SUBJECT ADDED ENTRY--TOPICAL TERM | |
| Topical term or geographic name as entry element | أمراض القلب |
| 700 1# - ADDED ENTRY--PERSONAL NAME | |
| Personal name | البرغوثي، سميع |
| Relator term | ترجمة |
| 942 ## - ADDED ENTRY ELEMENTS (KOHA) | |
| Source of classification or shelving scheme | Dewey Decimal Classification |
| Koha item type | كتب |
| حالة السحب | حالة الفقدان | مصدر التصنيف | حالة التلف | غير قابل للإعارة | المكتبة الرئيسية | المكتبة الحالية | موقع الرف | تاريخ التزويد | الرقم المتسلسل | Total Checkouts | رقم الإستدعاء | تاريخ آخر ظهور | تاريخ الفاتورة | نوع المادة (كوها) | الباركود |
|---|---|---|---|---|---|---|---|---|---|---|---|---|---|---|---|
| Dewey Decimal Classification | مكتبة أبو علندا العامة | مكتبة أبو علندا العامة | الإعارة | 06/07/2004 | 581 | 616.12/كرر | 28/07/2025 | 06/07/2004 | كتب | DUP-01_581 | |||||
| Dewey Decimal Classification | مكتبة الأميرة ايمان العامة | مكتبة الأميرة ايمان العامة | الإعارة | 25/11/2013 | [8670] | 616.12/كرر | 28/07/2025 | 25/11/2013 | كتب | PLD00287983 | |||||
| Dewey Decimal Classification | Unchecked | مكتبة الاميرة بديعة | مكتبة الاميرة بديعة | الإعارة | 06/07/2004 | 5267 | 616.12/كرر | 28/07/2025 | 06/07/2004 | كتب | |||||
| Dewey Decimal Classification | Unchecked | مكتبة الحسن العامة | مكتبة الحسن العامة | الإعارة | 06/07/2004 | 1824 | 616.12/كرر | 28/07/2025 | 06/07/2004 | كتب | |||||
| Dewey Decimal Classification | مكتبة الراية الهاشمية للأطفال | مكتبة الراية الهاشمية للأطفال | الأطفال | 01/10/2015 | 616.12/كرر | 28/07/2025 | 01/10/2015 | كتب | PLD00350605 | ||||||
| Dewey Decimal Classification | مكتبة النصر العامة | مكتبة النصر العامة | الإعارة | 16/04/2015 | [ 7873 ] | 616.12/كرر | 28/07/2025 | 16/04/2015 | كتب | PLD00384152 | |||||
| Dewey Decimal Classification | مكتبة صويلح العامة | مكتبة صويلح العامة | الإعارة | 13/06/2019 | {11270} | 616.12/كرر | 28/07/2025 | 13/06/2019 | كتب | PLD00454028 | |||||
| Withdrawn | Dewey Decimal Classification | مكتبة صويلح العامة | مكتبة صويلح العامة | الإعارة | 16/06/2019 | {550} | 616.12/كرر | 28/07/2025 | 16/06/2019 | كتب | PLD00454209 | ||||
| Dewey Decimal Classification | Unchecked | مكتبة وادي السير العامة | مكتبة وادي السير العامة | الإعارة | 06/07/2004 | 686 | 616.12/كرر | 28/07/2025 | 06/07/2004 | كتب |